<?xml version="1.0" encoding="UTF-8"?><?xml-stylesheet type="text/xsl" href="static/style.xsl"?><OAI-PMH xmlns="http://www.openarchives.org/OAI/2.0/" xmlns:xsi="http://www.w3.org/2001/XMLSchema-instance" xsi:schemaLocation="http://www.openarchives.org/OAI/2.0/ http://www.openarchives.org/OAI/2.0/OAI-PMH.xsd"><responseDate>2026-04-13T00:11:19Z</responseDate><request verb="GetRecord" identifier="oai:www.recercat.cat:2117/370443" metadataPrefix="marc">https://recercat.cat/oai/request</request><GetRecord><record><header><identifier>oai:recercat.cat:2117/370443</identifier><datestamp>2025-07-22T17:27:06Z</datestamp><setSpec>com_2072_1033</setSpec><setSpec>col_2072_452951</setSpec></header><metadata><record xmlns="http://www.loc.gov/MARC21/slim" xmlns:dcterms="http://purl.org/dc/terms/" xmlns:xsi="http://www.w3.org/2001/XMLSchema-instance" xmlns:doc="http://www.lyncode.com/xoai" xsi:schemaLocation="http://www.loc.gov/MARC21/slim http://www.loc.gov/standards/marcxml/schema/MARC21slim.xsd">
   <leader>00925njm 22002777a 4500</leader>
   <datafield ind2=" " ind1=" " tag="042">
      <subfield code="a">dc</subfield>
   </datafield>
   <datafield ind2=" " ind1=" " tag="720">
      <subfield code="a">Camp Jorba, Guillermo</subfield>
      <subfield code="e">author</subfield>
   </datafield>
   <datafield ind2=" " ind1=" " tag="260">
      <subfield code="c">2022-07-19</subfield>
   </datafield>
   <datafield ind2=" " ind1=" " tag="520">
      <subfield code="a">Este TFG trata sobre una planta de fabricación de precinto autoadhesivo para Asas Multipack. El proyecto pretende realizar un estudio de viabilidad de la implantación de esta fábrica en España. En lo referente a los procesos productivos, se analizarán las características técnicas del producto a fabricar, se definirán los equipos y maquinaria necesarias para la fabricación y la normativa aplicable, así como análisis de riesgos y ambientales. Además, se optimizará la gestión de la producción que será de un turno, ampliable hasta tres. En cuanto al almacenaje e inventario, se estudiará la gestión del almacenaje de las materias primas, producto acabado y de los posibles recambios para la maquinaria. También se decidirá cuál es la gestión óptima de aprovisionamiento que deberá seguir la fábrica. En la sección del estudio económico, se cuantificarán los costes asociados a los equipos de fabricación, a la producción por turnos, así como el margen bruto de explotación y la amortización del proyecto. Todas las tablas que aparecen en el trabajo son propias.</subfield>
   </datafield>
   <datafield tag="653" ind2=" " ind1=" ">
      <subfield code="a">Àrees temàtiques de la UPC::Economia i organització d'empreses</subfield>
   </datafield>
   <datafield tag="653" ind2=" " ind1=" ">
      <subfield code="a">Polypropylene</subfield>
   </datafield>
   <datafield tag="653" ind2=" " ind1=" ">
      <subfield code="a">Polipropilè--Indústria i comerç</subfield>
   </datafield>
   <datafield ind2="0" ind1="0" tag="245">
      <subfield code="a">Proyecto de la logística de una planta de fabricación de precinto autoadhesivo para Asas Multipack</subfield>
   </datafield>
</record></metadata></record></GetRecord></OAI-PMH>